Electromagnetic and electrothermal modeling of superconductors for large scale applications : dátum obhajoby 18.8.2021
Saved in:
| Main Author: | |
|---|---|
| Other Authors: | |
| Format: | Manuscript Book |
| Language: | Slovak English |
| Published: |
Bratislava :
STU v Bratislave FEI,
2021
|
| Subjects: | |
| Online Access: | http://is.stuba.sk/zp/portal_zp.pl?podrobnosti=147680 |
| Tags: |
No Tags, Be the first to tag this record!
|
MARC
| LEADER | 00000ntm a22000003a 4500 | ||
|---|---|---|---|
| 001 | stuzp68380 | ||
| 003 | SK-STU | ||
| 005 | 20230509125030.2 | ||
| 007 | ta | ||
| 008 | 150427s2015----xo-----f-mn---000-0-slo-d | ||
| 040 | |a STU |b slo | ||
| 041 | 0 | |a eng | |
| 044 | |a xo | ||
| 100 | 1 | |a Dadhich, Anang |u 036000 |4 aut |U FEI Fakulta elektrotechniky a informatiky |T FEI Ústav jadrového a fyzikálneho inžinierstva |X 95538 |U E060 |Y 817 |7 95538 | |
| 242 | 0 | 1 | |a Elektromagnetické a termoelektrické modelovanie supravodičov pre rozsiahle aplikácie |y slo |
| 245 | 1 | 0 | |a Electromagnetic and electrothermal modeling of superconductors for large scale applications : |b dátum obhajoby 18.8.2021 |
| 260 | |a Bratislava : |b STU v Bratislave FEI, |c 2021 | ||
| 300 | |a 166 s., príl., |b AUTOREF. 2021, 34 s. | ||
| 500 | |a Len v elektronickej podobe | ||
| 650 | 4 | |a Supravodič |2 slo | |
| 650 | 4 | |a Numerické modelovanie |2 slo | |
| 650 | 4 | |a Elektromagnetické |2 slo | |
| 650 | 4 | |a Letectvo |2 slo | |
| 650 | 4 | |a Termoelektrické |2 slo | |
| 650 | 4 | |a Superconductor |2 eng | |
| 650 | 4 | |a Numerical Modeling |2 eng | |
| 650 | 4 | |a Electromagnetic |2 eng | |
| 650 | 4 | |a Electrothermal |2 eng | |
| 650 | 4 | |a Aviation |2 eng | |
| 700 | 1 | |a Pardo, Enric |4 ths |X 46549 |7 46549 | |
| 856 | 4 | |u http://is.stuba.sk/zp/portal_zp.pl?podrobnosti=147680 | |
| 996 | |b 284ED01676 |c E*ZP-539 |l EE01 |s P |a 0 |w stuzp68380_0001 | ||